Statistiche per Quiz Cultura Generale - Quiz n°83

Clicka qui per fare il quiz!

Statistiche generali

  • Questo quiz è stato fatto 58 volte
  • Il punteggio medio è 31 su 45

Statistiche sulle risposte

DomandaCasellaSelect% Corretto
Seleziona gli organi che fanno parte dell'Apparato digerenteOcchioNo
94%
Seleziona gli organi che fanno parte dell'Apparato digerentePolmoniNo
94%
Seleziona gli organi che fanno parte dell'Apparato digerenteStomaco
94%
Seleziona gli organi che fanno parte dell'Apparato digerenteIntestino Tenue
92%
Seleziona le città attraversate dall'Autostrada A14GenovaNo
90%
Seleziona le isole dell'Arcipelago toscanoIsola di LampedusaNo
90%
Seleziona le isole dell'Arcipelago toscanoIsola d'IschiaNo
90%
Seleziona gli organi che fanno parte dell'Apparato digerenteEsofago
88%
Seleziona gli stati che fecero parte del Patto di VarsaviaFinlandiaNo
88%
Seleziona le isole dell'Arcipelago toscanoIsola d'Elba
88%
Seleziona le isole dell'Arcipelago toscanoIsola di LipariNo
88%
Seleziona le isole dell'Arcipelago toscanoIsola di VulcanoNo
88%
Seleziona gli stati che fecero parte del Patto di VarsaviaCubaNo
86%
Seleziona le isole dell'Arcipelago toscanoIsola del Giglio
84%
Seleziona gli organi che fanno parte dell'Apparato digerenteReniNo
84%
Seleziona gli stati che fecero parte del Patto di VarsaviaTurchiaNo
84%
Seleziona gli organi che fanno parte dell'Apparato digerenteVescicaNo
84%
Seleziona gli stati che fecero parte del Patto di VarsaviaPolonia
82%
Seleziona le città attraversate dall'Autostrada A14PerugiaNo
78%
Seleziona gli stati che fecero parte del Patto di VarsaviaCecoslovacchia
73%
Seleziona le isole dell'Arcipelago toscanoIsola di PonzaNo
71%
Seleziona i vincitori italiani del Premio Nobel per la letteraturaLuigi Pirandello
71%
Seleziona gli stati che fecero parte del Patto di VarsaviaUngheria
69%
Seleziona gli organi che fanno parte dell'Apparato digerenteMilzaNo
67%
Seleziona i vincitori italiani del Premio Nobel per la letteraturaEugenio Montale
65%
Seleziona le città attraversate dall'Autostrada A14RomaNo
65%
Seleziona le città attraversate dall'Autostrada A14Ancona
63%
Seleziona i vincitori italiani del Premio Nobel per la letteraturaDario Fo
63%
Seleziona le città attraversate dall'Autostrada A14FirenzeNo
63%
Seleziona i vincitori italiani del Premio Nobel per la letteraturaGabriele D'AnnunzioNo
63%
Seleziona i vincitori italiani del Premio Nobel per la letteraturaUmberto SabaNo
63%
Seleziona le città attraversate dall'Autostrada A14MilanoNo
59%
Seleziona le città attraversate dall'Autostrada A14Pescara
59%
Seleziona le città attraversate dall'Autostrada A14Bologna
57%
Seleziona le isole dell'Arcipelago toscanoIsola di Capraia
57%
Seleziona i vincitori italiani del Premio Nobel per la letteraturaGiuseppe UngarettiNo
55%
Seleziona le isole dell'Arcipelago toscanoIsola di FavignanaNo
51%
Seleziona le città attraversate dall'Autostrada A14Bari
49%
Seleziona gli organi che fanno parte dell'Apparato digerenteFaringe
49%
Seleziona i vincitori italiani del Premio Nobel per la letteraturaGrazia Deledda
45%
Seleziona i vincitori italiani del Premio Nobel per la letteraturaGiosuè Carducci
43%
Seleziona gli stati che fecero parte del Patto di VarsaviaRomania
41%
Seleziona gli stati che fecero parte del Patto di VarsaviaAustriaNo
39%
Seleziona i vincitori italiani del Premio Nobel per la letteraturaSalvatore Quasimodo
39%
Seleziona gli stati che fecero parte del Patto di VarsaviaJugoslaviaNo
33%

Distribuzione punteggi

Percentile per numero di risposta

Percentuale di utenti per punteggio

I tuoi punteggi nel tempo

Non hai fatto questo quiz